00263nam a2200121Ia 4500100001300000650001900013366000700032654001900039245004300058260000900101082000800110546002300118 aZikanov  aFluid dynamics f20 aFluid dynamics aEssential computational Fluid dynamics b#N/A bZIK aENGLISHcInfo.Tech